Hartzov projekt (model) riešenia nezamestnanosti

Nezamestnanosť ako spoločný problém európskych krajín. Snaha riešenia tohto problému. Hartzov projekt - model riešenia nezamestnanosti do r. 2005. Ciele Hartzovho projektu - spojenie inovácie so sociálnou spravodlivosťou. Charakteristika celého projektu. SRN by mala začať projekt realizovať od 1.1.2...

Ausführliche Beschreibung

Gespeichert in:
Bibliographische Detailangaben
1. Verfasser: Stanek, Vojtech
Format: Buchkapitel
Sprache:Slowakisch
Schlagworte:
Tags: Tag hinzufügen
Keine Tags, Fügen Sie das erste Tag hinzu!

MARC

LEADER 00000naa a2200000 4500
001 r047678
005 20230807083914.9
041 0 |a slo 
044 |a SK 
245 1 0 |a Hartzov projekt (model) riešenia nezamestnanosti  |c Vojtech Stanek 
520 |a Nezamestnanosť ako spoločný problém európskych krajín. Snaha riešenia tohto problému. Hartzov projekt - model riešenia nezamestnanosti do r. 2005. Ciele Hartzovho projektu - spojenie inovácie so sociálnou spravodlivosťou. Charakteristika celého projektu. SRN by mala začať projekt realizovať od 1.1.2003 po schválení hornou komorou spolkového snemu. 
610 2 0 |a nezamestnanosť 
610 2 0 |a Európa 
610 2 0 |a Európska únia 
610 2 0 |a projekty 
610 2 0 |a inovácia 
610 2 0 |a spravodlivosť sociálna 
610 2 0 |a trh práce 
610 2 0 |a Nemecko 
100 1 |a Stanek, Vojtech